000 00598nam a22002177a 4500
003 UA-OsUOA
001 104246
007 ta
008 20131210b un ||||| |||| 00| 0 ukr d
100 _aМакашева Н.
090 _a330(
_bМ15
942 _cSA
040 _aUA-OsUOA
_brus
_cUA-OsUOA
_dUA-OsUOA
245 _aНеопределенность, вероятность, этика: Дж. М. Кейнс, Л. Мизес, Ф. Найт
300 _aС.47-66
955 _a0
041 _arus
080 _a330(
773 0 _w104245
650 7 _a330 Економіка взагалі
_2UDC
999 _c390675
_d390675